Southville International School and Colleges

Pag Susulatan nang Dalauang Binibini na si Urbana at ni Feliza (Record no. 245235)

000 -LEADER
fixed length control field 00724cam a22002413a 4500
001 - CONTROL NUMBER
control field 15980
003 - CONTROL NUMBER IDENTIFIER
control field PGUSA
005 - DATE AND TIME OF LATEST TRANSACTION
control field 20140828083336.0
008 - FIXED-LENGTH DATA ELEMENTS--GENERAL INFORMATION
fixed length control field 050604s2005||||xxu|||||s|||||000 | eng d
040 ## - CATALOGING SOURCE
Original cataloging agency PGUSA
Language of cataloging eng
042 ## - AUTHENTICATION CODE
Authentication code dc
050 #4 - LIBRARY OF CONGRESS CALL NUMBER
Classification number BJ
100 1# - MAIN ENTRY--PERSONAL NAME
Personal name Castro, Modesto de,
Dates associated with a name 1819-1864
245 10 - TITLE STATEMENT
Title Pag Susulatan nang Dalauang Binibini na si Urbana at ni Feliza
Medium [electronic resource] /
Statement of responsibility, etc Modesto de Castro
260 ## - PUBLICATION, DISTRIBUTION, ETC. (IMPRINT)
Name of publisher, distributor, etc Project Gutenberg,
Date of publication, distribution, etc 2005
506 ## - RESTRICTIONS ON ACCESS NOTE
Terms governing access Public domain in the USA.
516 ## - TYPE OF COMPUTER FILE OR DATA NOTE
Type of computer file or data note Electronic text
653 ## - INDEX TERM--UNCONTROLLED
Uncontrolled term Women -- Philippines
653 ## - INDEX TERM--UNCONTROLLED
Uncontrolled term Young women -- Conduct of life
830 #0 - SERIES ADDED ENTRY--UNIFORM TITLE
Uniform title Project Gutenberg
Volume number/sequential designation 15980
856 40 - ELECTRONIC LOCATION AND ACCESS
Uniform Resource Identifier http://www.gutenberg.org/ebooks/15980
942 ## - ADDED ENTRY ELEMENTS (KOHA)
Koha item type eBooks
Holdings
Date acquired Price effective from Damaged status Date last seen Withdrawn status Lost status Koha item type Current Location Permanent Location
2014-08-282014-08-28 2014-08-28  eBooksProject GutenbergProject Gutenberg
Powered by Koha